Arte e Cultura nell´ Ordine Ospedaliero di San Giovanni di Dio [Arte y cultura de la Orden Hospitalaria de San Juan de Dios]. (Record no. 933)
[ view plain ]
| 000 -CABECERA | |
|---|---|
| campo de control de longitud fija | 00994nam a2200205 a 4500 |
| 001 - NÚMERO DE CONTROL | |
| campo de control | BRCA_1054 |
| 005 - FECHA Y HORA DE LA ÚLTIMA TRANSACCIÓN | |
| campo de control | 20190320203247.0 |
| 008 - DATOS DE LONGITUD FIJA--INFORMACIÓN GENERAL | |
| campo de control de longitud fija | 140408s2006----it-o---###---#000-0#ita-# |
| 020 ## - NÚMERO INTERNACIONAL ESTÁNDAR DEL LIBRO | |
| Número Internacional Estándar del Libro | 8469001167 |
| 050 #4 - SIGNATURA TOPOGRÁFICA DE LA BIBLIOTECA DEL CONGRESO | |
| Número de clasificación | N8080.J8 |
| Número de documento/Ítem | .A78 2006 |
| 245 10 - MENCIÓN DE TÍTULO | |
| Título | Arte e Cultura nell´ Ordine Ospedaliero di San Giovanni di Dio [Arte y cultura de la Orden Hospitalaria de San Juan de Dios]. |
| 260 ## - PUBLICACIÓN, DISTRIBUCIÓN, ETC. | |
| Lugar de publicación, distribución, etc. | Roma |
| Nombre del editor, distribuidor, etc. | Curia Generalizia Ordine Ospedaliero di San Giovanni di Dio |
| Fecha de publicación, distribución, etc. | 2006 |
| 300 ## - DESCRIPCIÓN FÍSICA | |
| Extensión | 455 p. |
| Otras características físicas | il. (algunas a color), fotografías |
| Dimensiones | 29 cm. |
| 546 ## - NOTA DE LENGUA/LENGUAJE | |
| Nota de lengua/lenguaje | Texto en : italiano, inglés, español, portugués, alemán, francés y ruso |
| 611 24 - PUNTO DE ACCESO ADICIONAL DE MATERIA--NOMBRE DE REUNIÓN/CONGRESO | |
| Nombre de congreso/reunión o jurisdicción como elemento de entrada | Encuentro sobre Patrimonio Artístico y Cultural de la Orden de San Juan de Dios |
| Fecha del congreso/reunión | 1999 |
| Sede del congreso/Lugar de la reunión | Roma |
| 9 (RLIN) | 3475 |
| 650 14 - PUNTO DE ACCESO ADICIONAL DE MATERIA--TÉRMINO DE MATERIA | |
| Término de materia o nombre geográfico como elemento de entrada | Orden Hospitalaria de San Juan de Dios |
| Subdivisión general | Arte cristiano |
| 9 (RLIN) | 3476 |
| 650 14 - PUNTO DE ACCESO ADICIONAL DE MATERIA--TÉRMINO DE MATERIA | |
| Término de materia o nombre geográfico como elemento de entrada | Ordenes religiosas hospitalarias |
| Subdivisión general | Historia |
| 9 (RLIN) | 3477 |
| 650 14 - PUNTO DE ACCESO ADICIONAL DE MATERIA--TÉRMINO DE MATERIA | |
| Término de materia o nombre geográfico como elemento de entrada | San Juan de Dios |
| Subdivisión general | En la pintura, escultura, arquitectura, literatura, orfebrería |
| 9 (RLIN) | 3478 |
| 942 ## - ELEMENTOS DE PUNTO DE ACCESO ADICIONAL (KOHA) | |
| Fuente del sistema de clasificación o colocación | Library of Congress Classification |
| Tipo de ítem Koha | Libros |
| Estado de retiro | Estado de pérdida | Estado dañado | No para préstamo | Localización permanente | Ubicación/localización actual | Fecha de adquisición | Total de préstamos | Signatura topográfica completa | Código de barras | Fecha visto por última vez | Precio válido a partir de | Tipo de ítem Koha |
|---|---|---|---|---|---|---|---|---|---|---|---|---|
| El ejemplar forma parte de la colección y puede ser consultado según las políticas vigentes. | Biblioteca del Museo Franz Mayer (Rogerio Casas-Alatriste) | Biblioteca del Museo Franz Mayer (Rogerio Casas-Alatriste) | 26/06/2008 | N8080.J8 .A78 2006 | 01541 | 22/03/2019 | 22/03/2019 | Libros |